000 00622nam a2200181 a 4500
001 000028294
005 20240305140625.0
008 110407s1980 dr abc 000 0 spa d
040 _aDO-SdBNP
_bspa
_cBNPHU
082 _axxx
_bG463c
100 1 _aGil Arantegui, Malaquías,
_d1912-1988
_976489
245 1 0 _aConcepto y didáctica de la geografía /
_cMalaquías Gil Arantegui.
260 _aSanto Domingo :
_bUniversidad Nacional Pedro Henríquez Ureña,
_c1980.
300 _a62 p. :
_bil., mapas, retrs. ;
_c21 cm.
500 _aIcluye notas al pie de las páginas
504 _aBibliografía : p. 60-62
049 _aBNPD
999 _c27786
_d27786